民間趣談

資料類型: Book 圖書   書目號:9500

Leader xxxxxxxxxx
001 __ PCLIS00009500
005 __ 20220105115956.0
010 0_ |b上下冊 : 精裝|dNT$600
100 __ |a19870509d1996    m  y0chiy09      e
101 0_ |achi
102 __ |atw
105 __ |aa   z   000yy
200 1_ |a民間趣談|f臺灣傳奇編輯委員會編著|g范純甫主編
205 __ |a一版
210 __ |a臺北市|c華嚴|d民85[1996]
215 0_ |a2冊(565面)|d22公分
225 2_ |a台灣傳奇
300 __ |a傳奇-台灣
410 _1 |12001 |a台灣傳奇
681 __ |a539.533|b8645
681 __ |a539.527|b8673 87 V2
681 __ |a539.527|b4425
681 __ |a539.5|b8635 88 V.8
681 __ |a539.5|b8635 88 V.9
702 _1 |a|b純甫|4主編
710 02 |a台灣傳奇編委會|4編著
801 _0 |atw|bCSL|c20010815|gCCR|m4
801 _0 |atw|b內湖高中|c20010622
801 _2 |atw|b內湖高中|c20220105|gCCR
詳細館藏 1-3 筆 (共 3 筆)
索 書 號登 錄 號冊次號館別 / 館藏地流通類型狀態加入預約清單電子資源
539.5 / 8635 1007658 v.1 圖書館 / 二樓普通區 可外借30天 在館   
539.5 / 8635 1007659 v.2 圖書館 / 二樓普通區 可外借30天 在館   
539.527 / 8673 1013046 v.2 圖書館 / 二樓普通區 可外借30天 在館   

| 條列資料




目錄查詢 分類查詢 個人資料 圖書薦購 新書查詢 閉館日 排行榜 更多電子資源 Hami書城 線上資料庫 登出

From : 216.73.216.116

  本日流通累計至 18:14:07 借閱 : 0 次 續借 : 0 次 歸還 : 0 次 預約 : 0 次 電子資源 : 0 次


內湖高中圖書館  PCLIS 版本  25.5.0.2